| 000 | 00538nam a2200181 a 4500 | ||
|---|---|---|---|
| 001 | 000012739 | ||
| 005 | 20240530073915.0 | ||
| 008 | 091116s1993 dr 000 f spa d | ||
| 040 |
_aDO-SdBNP _bspa _cBNPHU |
||
| 082 |
_aRD863.44 _bO15p |
||
| 100 | 1 |
_aOcaña, Antonio _929507 |
|
| 245 | 1 | 4 |
_aLos políticos, crónica de una fantasía real / _cAntonio Ocaña. |
| 260 |
_aSanto Domingo : _bAlfa & Omega, _c1993. |
||
| 300 |
_a304 p. ; _c21 cm. |
||
| 650 | 0 |
_aNovela dominicana _9223 |
|
| 650 | 0 |
_aLiteratura dominicana. _967 |
|
| 049 | _aBNPD | ||
| 999 |
_c12390 _d12390 |
||